UBT Library

The Encyclopedia of philosophy. (Record no. 41356)

000 -LEADER
fixed length control field 00537cam a22002051 4500
001 - CONTROL NUMBER
control field 1698924
005 - DATE AND TIME OF LATEST TRANSACTION
control field 20180131045520.0
008 - FIXED-LENGTH DATA ELEMENTS--GENERAL INFORMATION
fixed length control field 740514s1967 nyu bd 000 0 eng
010 ## - LIBRARY OF CONGRESS CONTROL NUMBER
LC control number 67010059
040 ## - CATALOGING SOURCE
Original cataloging agency DLC
Transcribing agency DLC
Modifying agency DLC
041 ## - LANGUAGE CODE
Language code of text/sound track or separate title eng
080 ## - UNIVERSAL DECIMAL CLASSIFICATION NUMBER
Universal Decimal Classification number 103 EDW
082 00 - DEWEY DECIMAL CLASSIFICATION NUMBER
Classification number 103 EDW
100 ## - Rafti
Rafti 24
101 ## - Shkurtesa
Shkurtesa FIL
245 04 - TITLE STATEMENT
Title The Encyclopedia of philosophy.
Statement of responsibility, etc Paul Edwards, editor in chief.
504 ## - BIBLIOGRAPHY, ETC. NOTE
Bibliography, etc Includes bibliographical references.
906 ## - LOCAL DATA ELEMENT F, LDF (RLIN)
a 7
b cbc
c orignew
d u
e ocip
f 19
g y-gencatlg
942 ## - ADDED ENTRY ELEMENTS (KOHA)
Source of classification or shelving scheme
Item type Books
Holdings
Withdrawn status Lost status Source of classification or shelving scheme Damaged status Not for loan Collection code Permanent location Current location Shelving location Date acquired Total Checkouts Full call number Barcode Date last seen Price effective from Koha item type
          Koleksioni i përgjithshem UBT - Lipjan UBT - Lipjan Koleksioni i përgjithshem 01/31/2018   103 EDW 002-2996815 01/31/2018 01/31/2018 Books
UBT Library © 2015-2024. All rights reserved University Education for Business and Technology